[Event "IECC P email"]
[Site "IECC email"]
[Date "2000.11.05"]
[Round "?"]
[White "Hughes, Roy"]
[Black "Smithers, Steven A"]
[Result "0-1"]
[WhiteElo "2109"]
[BlackElo "2469"]
[PlyCount "51"]
[EventDate "2000.??.??"]
[EventType "tourn (corr)"]
[EventRounds "6"]
[SourceTitle "Corr 2008"]
[Source "ChessBase"]
[SourceDate "2008.06.24"]
[SourceVersion "1"]
[SourceVersionDate "2008.06.24"]
[SourceQuality "1"]

1. d4 d5 2. Nf3 Nf6 3. c4 c6 4. e3 Bf5 5. cxd5 cxd5 6. Qb3 Qc7 7. Nc3 e6 8. Bd2 Nc6 9. Bb5 Be7 10. Ne5 0-0 11. Rc1 Nxe5 12. Nxd5 Qxc1+ 13. Bxc1 Nxd5 14. e4 Bxe4 15. dxe5 Bxg2 16. Rg1 Be4 17. Bh6 Bg6 18. Bd2 Rac8 19. Bc4 Rfd8 20. Rg4 b6 21. h3 Bf5 22. Rg3 Rc5 23. Bh6 Bg6 24. Bd2 b5 25. Bd3 Nb6 26. Bxg6 0-1

[Event "IECG WC.2000.S.00006 email"]
[Site "IECG email"]
[Date "1999.??.??"]
[Round "?"]
[White "Cijs, Peter JG"]
[Black "Smithers, Steven A"]
[Result "0-1"]
[WhiteElo "1847"]
[BlackElo "2389"]
[PlyCount "53"]
[EventDate "1999.05.08"]
[EventType "tourn (corr)"]
[EventRounds "10"]
[SourceTitle "Corr 2008"]
[Source "ChessBase"]
[SourceDate "2008.06.24"]
[SourceVersion "1"]
[SourceVersionDate "2008.06.24"]
[SourceQuality "1"]

1. e4 c5 2. Nf3 Nc6 3. d4 cxd4 4. Nxd4 Qb6 5. Nb3 Nf6 6. Nc3 e6 7. Bd3 a6 8. 0-0 Be7 9. Be3 Qc7 10. Na4 b5 11. Nb6 Rb8 12. Nxc8 Rxc8 13. a4 bxa4 14. Rxa4 Nb4 15. Rxa6 Nxa6 16. Bxa6 Rb8 17. Bd3 0-0 18. f4 d5 19. e5 Ne4 20. Kh1 Rb4 21. c3 Rb7 22. Ba6 Rbb8 23. Bd3 Qb7 24. Nd4 Bc5 25. b4 Bb6 26. Qa1 Ra8 27. Qb2 0-1

[Event "Rusakov Memorial corr"]
[Site "Russia corr"]
[Date "1999.??.??"]
[Round "?"]
[White "Lyukmanov, Vyacheslav Borisovi"]
[Black "Smithers, Steven A"]
[Result "1/2-1/2"]
[WhiteElo "2419"]
[BlackElo "2458"]
[PlyCount "80"]
[EventDate "1999.??.??"]
[EventType "tourn (corr)"]
[EventRounds "14"]
[EventCountry "RUS"]
[EventCategory "5"]
[SourceTitle "Corr 2002"]
[Source "ChessBase"]
[SourceDate "2002.05.23"]
[SourceVersion "1"]
[SourceVersionDate "2002.05.23"]
[SourceQuality "1"]

1. d4 f5 2. e4 fxe4 3. Nc3 Nf6 4. Bg5 Nc6 5. f3 d5 6. fxe4 Nxe4 7. Nxe4 dxe4 8. d5 Nb4 9. c4 Qd6 10. a3 Qe5 11. Qd2 Nd3+ 12. Bxd3 exd3+ 13. Be3 Bg4 14. Nf3 Bxf3 15. gxf3 e6 16. 0-0-0 Bd6 17. f4 Qe4 18. Qxd3 exd5 19. Qxe4+ dxe4 20. c5 Be7 21. Rd4 Kf7 22. Rxe4 Rhe8 23. Rd1 Rad8 24. Rxd8 Rxd8 25. Bd4 Bf6 26. Bxf6 Kxf6 27. Ra4 a6 28. Rb4 Rd5 29. Rxb7 Rxc5+ 30. Kd2 Kf5 31. Ra7 c6 32. Ke3 g6 33. h3 Rc2 34. Rxa6 Rxb2 35. Ra5+ Ke6 36. h4 Rh2 37. h5 gxh5 38. Ke4 h6 39. Ra7 Re2+ 40. Kd3 Ra2 1/2-1/2

[Event "Rusakov Memorial corr"]
[Site "Russia corr"]
[Date "1999.??.??"]
[Round "?"]
[White "Muttoni, Guillermo Cesar"]
[Black "Smithers, Steven A"]
[Result "1/2-1/2"]
[WhiteElo "2391"]
[BlackElo "2458"]
[PlyCount "52"]
[EventDate "1999.??.??"]
[EventType "tourn (corr)"]
[EventRounds "14"]
[EventCountry "RUS"]
[EventCategory "5"]
[SourceTitle "Corr 2002"]
[Source "ChessBase"]
[SourceDate "2002.05.23"]
[SourceVersion "1"]
[SourceVersionDate "2002.05.23"]
[SourceQuality "1"]

1. d4 f5 2. g3 Nf6 3. Bg2 g6 4. c4 Bg7 5. Nf3 d6 6. 0-0 0-0 7. Nc3 Qe8 8. d5 Na6 9. Rb1 Nc5 10. Be3 e5 11. dxe6 Bxe6 12. Nd5 Bxd5 13. cxd5 Nce4 14. Ng5 Nxg5 15. Bxg5 Ne4 16. Bf4 Qb5 17. a4 Qb4 18. b3 Rac8 19. Rc1 Nc5 20. Be3 b6 21. Rb1 Rce8 22. Bd2 Qa3 23. e3 Ne4 24. Bc1 Qb4 25. Bb2 Bxb2 26. Rxb2 Nc5 1/2-1/2

[Event "IECG WC.1999.F.00002 email"]
[Site "IECG email"]
[Date "1999.??.??"]
[Round "?"]
[White "Smithers, Steven A"]
[Black "Bilsel, Sabahaddin"]
[Result "1-0"]
[WhiteElo "2363"]
[BlackElo "2065"]
[PlyCount "43"]
[EventDate "1999.08.15"]
[EventType "tourn (corr)"]
[EventRounds "10"]
[SourceTitle "Corr 2008"]
[Source "ChessBase"]
[SourceDate "2008.06.24"]
[SourceVersion "1"]
[SourceVersionDate "2008.06.24"]
[SourceQuality "1"]

1. d4 d5 2. c4 dxc4 3. e4 e5 4. Nf3 exd4 5. Bxc4 Bb4+ 6. Nbd2 Nc6 7. 0-0 Qf6 8. Nb3 Bg4 9. Nbxd4 Nxd4 10. Qxd4 Bxf3 11. Qxf6 Nxf6 12. gxf3 0-0 13. Rd1 Rfe8 14. Bf4 Rad8 15. e5 Nh5 16. Rxd8 Rxd8 17. Be3 b6 18. Rc1 Kf8 19. Be2 c5 20. a3 Ba5 21. Rb1 b5 22. Bxc5+ 1-0

[Event "IECG WC.2000.S.00006 email"]
[Site "IECG email"]
[Date "1999.??.??"]
[Round "?"]
[White "Smithers, Steven A"]
[Black "Della Valle, Massimo"]
[Result "0-1"]
[WhiteElo "2389"]
[BlackElo "1184"]
[PlyCount "88"]
[EventDate "1999.05.08"]
[EventType "tourn (corr)"]
[EventRounds "10"]
[SourceTitle "Corr 2008"]
[Source "ChessBase"]
[SourceDate "2008.06.24"]
[SourceVersion "1"]
[SourceVersionDate "2008.06.24"]
[SourceQuality "1"]

1. d4 Nf6 2. c4 g6 3. Nf3 Bg7 4. Nc3 d6 5. Bf4 Nbd7 6. e3 c5 7. Be2 Nh5 8. Bg5 h6 9. Bh4 g5 10. Bg3 Nxg3 11. hxg3 b6 12. Qd3 Bb7 13. 0-0-0 cxd4 14. exd4 Rc8 15. Nxg5 Nf6 16. Nf3 d5 17. cxd5 Nxd5 18. Kb1 Nxc3+ 19. bxc3 Qc7 20. Rc1 0-0 21. Nh4 e6 22. Bf3 Rfd8 23. Bxb7 Qxb7 24. f4 b5 25. Nf3 Qb6 26. Rh5 a6 27. a3 Rc7 28. Kb2 Bf8 29. Qd1 Rdc8 30. Qb3 Qc6 31. Re5 Bd6 32. Re3 a5 33. Kb1 Qa6 34. Nd2 b4 35. axb4 Bxb4 36. Ka2 Be7 37. Rh1 a4 38. Qc2 Bf8 39. Rc1 Qd6 40. Qb2 Qd5+ 41. c4 Qxg2 42. Rd3 Rb7 43. Qc3 Rcb8 44. Qc2 Qe2 0-1

[Event "IECG WC.1999.F.00002 email"]
[Site "IECG email"]
[Date "1999.??.??"]
[Round "?"]
[White "Smithers, Steven A"]
[Black "Merlini, Dusan"]
[Result "1/2-1/2"]
[WhiteElo "2363"]
[BlackElo "2228"]
[PlyCount "41"]
[EventDate "1999.08.15"]
[EventType "tourn (corr)"]
[EventRounds "10"]
[SourceTitle "Corr 2008"]
[Source "ChessBase"]
[SourceDate "2008.06.24"]
[SourceVersion "1"]
[SourceVersionDate "2008.06.24"]
[SourceQuality "1"]

1. d4 d5 2. c4 c6 3. Nf3 Nf6 4. Qc2 dxc4 5. Qxc4 Bf5 6. g3 e6 7. Bg2 Nbd7 8. 0-0 Be7 9. e3 0-0 10. Nc3 Ne4 11. Nxe4 Bxe4 12. Bd2 Nb6 13. Qe2 Qd5 14. Ne1 Bxg2 15. Nxg2 Bd6 16. b3 Rad8 17. Bc3 f5 18. Rad1 Nd7 19. f3 Nf6 20. Rfe1 Bc7 21. Bb4 1/2-1/2

[Event "IECG WC.1999.F.00002 email"]
[Site "IECG email"]
[Date "1999.??.??"]
[Round "?"]
[White "Smithers, Steven A"]
[Black "Miraglia, Jorge"]
[Result "0-1"]
[WhiteElo "2363"]
[BlackElo "2153"]
[PlyCount "42"]
[EventDate "1999.08.15"]
[EventType "tourn (corr)"]
[EventRounds "10"]
[SourceTitle "Corr 2008"]
[Source "ChessBase"]
[SourceDate "2008.06.24"]
[SourceVersion "1"]
[SourceVersionDate "2008.06.24"]
[SourceQuality "1"]

1. d4 Nf6 2. c4 e6 3. Nf3 b6 4. a3 Ba6 5. Qc2 d5 6. cxd5 exd5 7. Nc3 c6 8. g3 Bd6 9. Bg2 0-0 10. 0-0 Re8 11. Nh4 Bf8 12. Re1 Bb7 13. Bf4 h6 14. Nf5 Nh5 15. Bd2 Bc8 16. b4 Be6 17. b5 Nf6 18. Bf4 a6 19. Bxb8 Rxb8 20. bxc6 Rc8 21. Qb3 Bxf5 0-1